header

Professional IIS 7 and ASP.NET integrated programming (Record no. 41770)

MARC details
000 -LEADER
fixed length control field 01362nam a2200361Ia 4500
100 1# - MAIN ENTRY--AUTHOR NAME
Personal name Khosravi, Shahram,
245 10 - TITLE STATEMENT
Title Professional IIS 7 and ASP.NET integrated programming
260 ## - PUBLICATION, DISTRIBUTION, ETC. (IMPRINT)
Place of publication Indianapolis, IN :
Name of publisher Wrox/Wiley Pub.,
Year of publication c2008.
300 ## - PHYSICAL DESCRIPTION
Number of Pages xxiii, 670 p. :
Other physical details ill.
490 1# - SERIES STATEMENT
Series statement Wrox professional guides
500 ## - GENERAL NOTE
General note Includes index.
650 #0 - SUBJECT ADDED ENTRY--TOPICAL TERM
Topical Term Internet programming.
Topical Term Microsoft .NET.
856 40 - ELECTRONIC LOCATION AND ACCESS
Uniform Resource Identifier http://site.ebrary.com/lib/rucke/Doc?id=10226776

No items available.

© 2026 Rongo University
Contact us: librarian | system librarian | Rongo university